Kompilasi 'D' Ladies / (Record no. 194084)
[ view plain ]
| 000 -LEADER | |
|---|---|
| fixed length control field | 01079nam a2200301 i 4500 |
| 005 - DATE AND TIME OF LATEST TRANSACTION | |
| control field | 20231218161915.0 |
| 008 - FIXED-LENGTH DATA ELEMENTS--GENERAL INFORMATION | |
| fixed length control field | 231218s2022 my g 000 f may d |
| 020 ## - INTERNATIONAL STANDARD BOOK NUMBER | |
| International Standard Book Number | 9789672809166 |
| Terms of availability | RM30.00 |
| Qualifying information | paperback |
| 040 ## - CATALOGING SOURCE | |
| Original cataloging agency | PPAK |
| Language of cataloging | eng |
| Transcribing agency | PPAK |
| Description conventions | rda |
| 082 04 - DEWEY DECIMAL CLASSIFICATION NUMBER | |
| Edition number | 23 |
| Classification number | 899.2333 |
| 090 00 - LOCALLY ASSIGNED LC-TYPE CALL NUMBER (OCLC); LOCAL CALL NUMBER (RLIN) | |
| Classification number (OCLC) (R) ; Classification number, CALL (RLIN) (NR) | 899.2333 |
| Feature heading | CIC |
| Feature heading | G |
| 100 0# - MAIN ENTRY--PERSONAL NAME | |
| Personal name | Cici Aida, |
| Dates associated with a name | 1982- |
| Relator term | author. |
| 245 10 - TITLE STATEMENT | |
| Title | Kompilasi 'D' Ladies / |
| Statement of responsibility, etc. | CICI AIDA, DANISYARAHMAT ; EDITOR: Nor Aisyah MJ & Editorial Ilham Santai Publication |
| 250 ## - EDITION STATEMENT | |
| Edition statement | EDISI ORKED |
| 264 #1 - PRODUCTION, PUBLICATION, DISTRIBUTION, MANUFACTURE, AND COPYRIGHT NOTICE | |
| Place of production, publication, distribution, manufacture | Labu, Negeri Sembilan : |
| Name of producer, publisher, distributor, manufacturer | ILHAM SANTAI ENTERPRISE, |
| Date of production, publication, distribution, manufacture, or copyright notice | [2022?] |
| 300 ## - PHYSICAL DESCRIPTION | |
| Extent | 223 pages ; |
| Dimensions | 19 cm |
| 336 ## - CONTENT TYPE | |
| Content type term | text |
| Source | rdacontent |
| 337 ## - MEDIA TYPE | |
| Media type term | unmediated |
| Source | rdamedia |
| 338 ## - CARRIER TYPE | |
| Carrier type term | volume |
| Source | rdacarrier |
| 505 00 - FORMATTED CONTENTS NOTE | |
| Title | Deena mampu setia untukmu / |
| Statement of responsibility | Cici Aida |
| Title | Daneen my matured husband / |
| Statement of responsibility | Danisyarahmat |
| 650 10 - SUBJECT ADDED ENTRY--TOPICAL TERM | |
| Topical term or geographic name entry element | Malay fiction |
| Topical term or geographic name entry element | Malaysian fiction (Malay) |
| 700 0# - ADDED ENTRY--PERSONAL NAME | |
| Personal name | Danisyarahmat, |
| Relator term | author. |
| Personal name | Nor Aisyah MJ, |
| Relator term | editor. |
| 710 2# - ADDED ENTRY--CORPORATE NAME | |
| Corporate name or jurisdiction name as entry element | Editorial Ilham Santai Publication, |
| Relator term | editor. |
| 942 ## - ADDED ENTRY ELEMENTS (KOHA) | |
| Source of classification or shelving scheme | Dewey Decimal Classification |
| Koha item type | Book |
| Withdrawn | Not for loan | Current library | Shelving location | Date acquired | Total Checkouts | Full call number | Barcode | Date last seen | Koha item type | Date last checked out | Total Renewals |
|---|---|---|---|---|---|---|---|---|---|---|---|
| Perpustakaan Alor Setar | Pinjaman Dewasa | 31/12/2023 | 899.2333 CIC | A01800813 | 31/12/2023 | Book | |||||
| Perpustakaan Awam Sungai Petani | Pinjaman Dewasa | 31/12/2023 | 1 | 899.2333 CIC | A01800814 | 01/09/2025 | Book | 10/08/2025 | |||
| Perpustakaan Baling | Pinjaman Dewasa | 31/12/2023 | 2 | 899.2333 CIC | A01800818 | 06/04/2024 | Book | 31/03/2024 | |||
| Perpustakaan Bandar Baharu | Pinjaman Dewasa | 31/12/2023 | 1 | 899.2333 CIC | A01800819 | 03/04/2024 | Book | 13/03/2024 | |||
| Perpustakaan Jitra | Pinjaman Dewasa | 31/12/2023 | 1 | 899.2333 CIC | A01800815 | 23/07/2025 | Book | 16/07/2025 | |||
| Perpustakaan Kuala Nerang | Pinjaman Dewasa | 31/12/2023 | 899.2333 CIC | A01800823 | 31/12/2023 | Book | |||||
| Perpustakaan Kulim | Pinjaman Dewasa | 31/12/2023 | 3 | 899.2333 CIC | A01800817 | 25/08/2025 | Book | 05/08/2025 | |||
| Perpustakaan Langkawi | Pinjaman Dewasa | 31/12/2023 | 1 | 899.2333 CIC | A01800816 | 20/08/2025 | Book | 15/07/2025 | 1 | ||
| Perpustakaan Merbok | Pinjaman Dewasa | 31/12/2023 | 1 | 899.2333 CIC | A01800820 | 05/06/2024 | Book | 15/05/2024 | |||
| Perpustakaan Pendang | Pinjaman Dewasa | 31/12/2023 | 899.2333 CIC | A01800824 | 31/12/2023 | Book | |||||
| Perpustakaan Sik | Pinjaman Dewasa | 31/12/2023 | 1 | 899.2333 CIC | A01800822 | 03/09/2024 | Book | 13/08/2024 | |||
| Perpustakaan Yan | Pinjaman Dewasa | 31/12/2023 | 899.2333 CIC | A01800821 | 31/12/2023 | Book |